000 00641nam a2200241Ia 4500
003 OSt
005 20220918221156.0
006 a|||||r|||| 00| 0
007 ta
008 220917b |||||||| |||| 00| 0 eng d
024 _a148,592
037 _cTextual
040 _aARTS
_cARTS
_beng
041 _2eng
_aeng
082 _aTb4, K7
100 _aHill Joseph E
_9139411
245 0 _aModels, methods, and analytical procedures in education research
260 _c1967
650 _aEDUCATION
700 _a Kerber August
_9136359
942 _hTb4, K7
_cTEXL
_2CC
999 _c271269
_d271269